Инновационные технологии индивидуально-личностного развития обучающихся в условиях введения ФГОС (Запись № 10506893)

Подробности
000 -МАРКЕР
контрольное поле 02586nam0a2200385 4500
001 - ИДЕНТИФИКАТОР ЗАПИСИ
контрольное поле RU\NLR\BIBL_A\010881490
005 - ИДЕНТИФИКАТОР ВЕРСИИ
контрольное поле 20260405054127.0
010 ## - МЕЖДУНАРОДНЫЙ СТАНДАРТНЫЙ НОМЕР КНИГИ (ISBN)
Номер (ISBN) 978-5-7212-0566-8
Тираж 100
021 ## - НОМЕР ГОСУДАРСТВЕННОЙ РЕГИСТРАЦИИ
Код страны Российская Федерация
Номер 2015-78058
Номер Листа государственной регистраци 4721
035 ## - ДРУГИЕ СИСТЕМНЫЕ НОМЕРА
Идентификатор записи (NILC)RuMoRGB-008037930
035 ## - ДРУГИЕ СИСТЕМНЫЕ НОМЕРА
Идентификатор записи (NLR Aleph) 010881490
100 ## - ДАННЫЕ ОБЩЕЙ ОБРАБОТКИ
Данные общей обработки 20151105d2013 |||y0rusy50 ca
101 0# - ЯЗЫК РЕСУРСА
Язык текста, звукозаписи и т.д. русский
102 ## - СТРАНА ПУБЛИКАЦИИ ИЛИ ПРОИЗВОДСТВА
Страна публикации Российская Федерация
105 ## - ПОЛЕ КОДИРОВАННЫХ ДАННЫХ: ТЕКСТОВЫЕ МАТЕРИАЛЫ, МОНОГРАФИЧЕСКИЕ
Кодированные данные о монографическом текстовом документе a|||z|||000yy
200 1# - ЗАГЛАВИЕ И СВЕДЕНИЯ ОБ ОТВЕТСТВЕННОСТИ
Основное заглавие Инновационные технологии индивидуально-личностного развития обучающихся в условиях введения ФГОС
Сведения, относящиеся к заглавию (из опыта работы базовых площадок)
-- методические рекомендации
Первые сведения об ответственности В. Г. Гульчевская, Н. Г. Осадченко, Т. И. Рудая
Последующие сведения об ответственности науч. ред. С. Ф. Хлебунова
-- Гос. бюджет. образоват. учреждение доп. проф. образования Ростов. обл. "Ростов. ин-т повышения квалификации и проф. переподгот. работников образования" (ГБОУ ДПО РО РИПК и ППРО), [Федер. целевая прогр. развития образования на 2011-2015 годы]
210 ## - ПУБЛИКАЦИЯ, РАСПРОСТРАНЕНИЕ И ДР.
Место издания, распространения и т.д. Ростов-на-Дону
Имя издателя, распространителя и т. д. Изд-во ГБОУ ДПО РО РИПК и ППРО
Дата издания, распространения и т.д. 2013
215 ## - ФИЗИЧЕСКАЯ ХАРАКТЕРИСТИКА
Специфическое обозначение материала и объем 158, [1] с.
Другие сведения о физической характеристике ил., табл.
Размеры 21
320 ## - ПРИМЕЧАНИЯ О НАЛИЧИИ В ДОКУМЕНТЕ БИБЛИОГРАФИИ / УКАЗАТЕЛЯ
Текст примечания Библиогр. в конце кн. (13 назв.)
606 1# - НАИМЕНОВАНИЕ ТЕМЫ КАК ПРЕДМЕТ
Наименование темы Школы
Формальный подзаголовок Методические пособия
Тематический подзаголовок Преподавание
-- Индивидуальный подход
Системный номер авторитетной/нормативной записи 2111607
Идентификатор авторитетной/нормативной записи RU\NLR\AUTH\661579568
606 1# - НАИМЕНОВАНИЕ ТЕМЫ КАК ПРЕДМЕТ
Наименование темы Среднее образование
Формальный подзаголовок Методические пособия
Тематический подзаголовок Инновации
Системный номер авторитетной/нормативной записи 2484031
Идентификатор авторитетной/нормативной записи RU\NLR\AUTH\661474377
610 0# - НЕКОНТРОЛИРУЕМЫЕ ПРЕДМЕТНЫЕ ТЕРМИНЫ
Предметный термин индивидуально-диагностические модели в процессе обучения
675 ## - УНИВЕРСАЛЬНАЯ ДЕСЯТИЧНАЯ КЛАССИФИКАЦИЯ (UDC/УДК)
Индекс 373
686 1# - ИНДЕКСЫ ДРУГИХ КЛАССИФИКАЦИЙ
Индекс Ч421.223.23я8
686 1# - ИНДЕКСЫ ДРУГИХ КЛАССИФИКАЦИЙ
Индекс Ч421.2я8
700 #1 - ИМЯ ЛИЦА - ПЕРВИЧНАЯ ОТВЕТСТВЕННОСТЬ
Материалы, к которым относится поле rus
Графика поля Кириллица
Начальный элемент ввода Гульчевская
Часть имени, кроме начального элемента ввода В. Г.
Расширение инициалов личного имени Вера Георгиевна
Идентификатор авторитетной/нормативной записи RU\NLR\AUTH\7717918
Системный номер авторитетной/нормативной записи 1002
701 #1 - ИМЯ ЛИЦА - АЛЬТЕРНАТИВНАЯ ОТВЕТСТВЕННОСТЬ
Начальный элемент ввода Осадченко
Часть имени, кроме начального элемента ввода Н. Г.
Расширение инициалов личного имени Наталья Геннадьевна
701 #1 - ИМЯ ЛИЦА - АЛЬТЕРНАТИВНАЯ ОТВЕТСТВЕННОСТЬ
Начальный элемент ввода Рудая
Часть имени, кроме начального элемента ввода Т. И.
Дополнения к именам, кроме дат канд. пед. наук, образовательные технологии
Расширение инициалов личного имени Татьяна Ильинична
Системный номер авторитетной/нормативной записи 148518
Идентификатор авторитетной/нормативной записи RU\NLR\AUTH\770148554
801 #0 - ИСТОЧНИК ЗАПИСИ
Страна Российская Федерация
Организация РГБ
Дата составления 20151007
Правила каталогизации RCR
942 ## - ДОПОЛНИТЕЛЬНЫЕ ЭЛЕМЕНТЫ ЗАПИСИ (АБИС)
Тип экземпляра АБИС Книга
980 ## - КОЛЛЕКЦИЯ
Название коллекции НБР
980 ## - КОЛЛЕКЦИЯ
Название коллекции Национальная библиография
Экземпляры
Тип экземпляра Дата поступления Источник поступления Стоимость Библиотека постоянного хранения Библиотека текущего хранения Место хранения Шифр хранения Штрих-код Статус экземпляра
Книга 05.11.2015 Обязательный экземпляр 0.00 РНБ (Московский) РНБ (Московский) Русский книжный фонд: издания с 1957 года 2015-3/35542 1-1187943  
Книга 05.11.2015 Обязательный экземпляр 0.00 РНБ (Московский) РНБ (Московский) Русский книжный фонд: издания с 1957 года 2015-3/35542 1-1187944